| 000 | 00423nam a2200181Ia 4500 | ||
|---|---|---|---|
| 001 | 3120 | ||
| 005 | 20260306144857.0 | ||
| 008 | 260306t2009||||xx |||||||||||||| ||spa|| | ||
| 041 | _aESP | ||
| 082 |
_a258.1 _bF59 |
||
| 100 |
_aFlores Ochoa, Jorge _eAUT |
||
| 245 | 0 | _aCuzco el lenguaje de la fiesta | |
| 260 | _c2009 | ||
| 300 |
_axix, 361 páginas : _c |
||
| 650 | _aGEN | ||
| 654 | _aCHU | ||
| 942 |
_cLIB _dJUS _fJUS _2ddc _n |
||
| 999 |
_c3120 _d3120 |
||